Normal view
MARC view
- البنا ، كمال صالح
Entry Personal Name
001 - CONTROL NUMBER
- control field: 46496
003 - CONTROL NUMBER IDENTIFIER
- control field: JO-AjAnu
005 - DATE AND TIME OF LATEST TRANSACTION
- control field: 20230606081702.0
008 - FIXED-LENGTH DATA ELEMENTS
- fixed length control field: 230606|| aca||aabn | a|a d
040 ## - CATALOGING SOURCE
- Original cataloging agency: JO-AjAnu
- Transcribing agency: JO-AjAnu
100 ## - HEADING--PERSONAL NAME
- Personal name: البنا ، كمال صالح
670 ## - SOURCE DATA FOUND
- Source citation: Work cat.: (JO-AjAnu)23800: البنا ، كمال صالح , author, الصيغ القانونية لدعاوى الأحوال الشخصية مذيلة بالنصوص القانونية والفقهية ومبادئ القضاء وفقا لآخر التعديلات